000 00288nam a22001337a 4500
008 170809b xxu||||| |||| 00| 0 eng d
020 _a9783827252852
041 _ager
080 _a004
100 _a004
101 _aSHK
245 _aPC-TUNING & REPARATUR
_cPOTT,O
942 _2udc
_cBK
999 _c23029
_d23029